| 000 | 00530nam a22001817a 4500 | ||
|---|---|---|---|
| 003 | SISC | ||
| 005 | 20160204131621.0 | ||
| 008 | 130828t xxu||||| |||| 00| 0 eng d | ||
| 020 | _a9710806491 | ||
| 050 |
_aRC 86.8 _b.Ad244 1973 |
||
| 082 |
_aHS 616.02 _bA95 1973 |
||
| 245 |
_aAdvanced first aid and emergency care : _bthe american national red cross / |
||
| 260 |
_aNew York : _bDoubleday & Company, Inc, _cc1973. |
||
| 300 |
_a318 p. : _bill. ; _c21 cm. |
||
| 650 |
_aFirst aid _914485 |
||
| 942 |
_2lcc _cBK |
||
| 999 |
_c9647 _d9647 |
||